|
|
|
|
| LEADER |
01160nab#a2200397#ar4500 |
| 001 |
000103400 |
| 003 |
SVKKK |
| 005 |
20101221105158.0 |
| 008 |
080509c2010 xo |||||||||||||||b|slo |
| FMT |
|
|
|
| 015 |
|
|
|a SNBRB2010/12
|
| 038 |
|
|
|a SVKKK
|
| 040 |
|
|
|a SVKKK
|b slo
|e AACR2
|
| 041 |
0 |
|
|a slo
|b eng
|
| 044 |
|
|
|a xo
|c SK
|
| 080 |
|
|
|a 552.513
|x (234.582)
|2 1997
|
| 080 |
|
|
|a 551.311.23
|2 1997
|
| 245 |
1 |
0 |
|a Stanovenie teplotného poľa pieskovcového masívu Pravčickej brány (ČR) na základe zhodnotenia denných a ročných teplotných cyklov
|c Martin Brček ... [et al.]
|
| 300 |
|
|
|b Obr., tab.
|
| 504 |
|
|
|a Bibliogr. odkazy
|
| 546 |
|
|
|a Res. angl.
|
| 650 |
0 |
4 |
|a pieskovcové masívy
|x degradácia hornín
|x teplotné cykly
|
| 651 |
|
4 |
|a Pravčická brána (Česko)
|x teplotné pole
|
| 700 |
1 |
|
|a Brček, Martin
|4 aut
|
| 700 |
1 |
|
|a Vařilová, Zuzana
|4 aut
|
| 700 |
1 |
|
|a Greif, Vladimír
|4 aut
|
| 700 |
1 |
|
|a Vlčko, Ján
|4 aut
|
| 773 |
0 |
|
|t Mineralia slovaca
|g Roč. 42, č. 2 (2010), s. 205-216
|x 0369-2086
|
| 958 |
|
|
|a CZ
|
| 958 |
|
|
|a NB
|
| 974 |
|
|
|a Ni
|
| 992 |
|
|
|a RBX
|
| BAS |
|
|
|
| 852 |
|
|
|a SVKKK
|b BIB
|
| EXP |
|
|
|
| 998 |
|
|
|a GEO
|